000 00756cam a22002653a 4500
001 21259
003 PGUSA
005 20140828083443.0
008 070430s2007||||xxu|||||s|||||000 1 eng d
040 _aPGUSA
_beng
042 _adc
050 4 _aPS
100 1 _aBriggs, Olive M.
_q(Olive Mary),
_d1873-
245 1 4 _aThe Black Cross
_h[electronic resource] /
_cOlive M. Briggs
260 _bProject Gutenberg,
_c2007
506 _aPublic domain in the USA.
516 _aElectronic text
653 _aMusicians -- Fiction
653 _aLove stories
653 _aSecret societies -- Fiction
700 1 _aIvanowski, Sigismond de,
_d1875-
830 0 _aProject Gutenberg
_v21259
856 4 0 _uhttp://www.gutenberg.org/ebooks/21259
942 _cEB
999 _c250514
_d250514